000
00216 a2200097 4500
001
16700
100
_a
Dorman G
245
_a
British test pilots
260
_a
London
_b
Forbes Robertson ltd
_c
090
_c
12600
_d
12600
942
_a
NUST-CAE
_c
M
_c
2893
999
_c
251773
_d
251773